Výskum možnosti zvýšenia kvality a produktivity výroby špirálových rúr uplatnením progresívnych technologických opatrení. /

Gespeichert in:
Bibliographische Detailangaben
1. Verfasser: Kernáč, Ervin (Verfasst von)
Format: Manuskript Buch
Veröffentlicht: Bratislava : Výskumný ústav zváračský, 1979
Tags: Tag hinzufügen
Keine Tags, Fügen Sie das erste Tag hinzu!

MARC

LEADER 00000ntm a22000003a 4500
001 stu47741
005 20150617225710.9
008 ------s1979----cs----------------------d
040 |a STU  |b slo 
041 0
044 |a cs 
080 |a 621.791.753 
100 1 |a Kernáč, Ervin  |4 aut 
245 1 |a Výskum možnosti zvýšenia kvality a produktivity výroby špirálových rúr uplatnením progresívnych technologických opatrení. /  |c [aut.] Kernáč,Ervin 
260 |a Bratislava :  |b Výskumný ústav zváračský,  |c 1979 
300 |a 131 s 
996 |b J64430  |c J*64430/DIZ.  |l JJSK  |s A  |a 24  |w stu47741_0001